000 00388nam a2200157 i 4500
001 bg
100 1 _aSTARMACH, K.
245 0 _aHydrobiologia :
_blimnologia /
_cK. Starmach, S. Wróbel, K. Pasternak.
260 _aWarszawa,
_c1978.
700 1 _aWRÓBEL, S.
700 1 _aPASTERNAK, K.
040 _cBPK
041 _apol
942 _cKS
008 s pl f |000 0 pol
999 _c17668
_d17668
856 _uhttp://koha.tu.koszalin.pl/cgi-bin/koha/opac-detail.pl?biblionumber=17668
_yKatalog online BPK